ბათუმის შოთა რუსთაველის სახელმწიფო უნივერსიტეტის ბიბლიოთეკა

დიდი ზეციური ღმერთები : (ბიბ.ჩანაწერი № 55934)

000 -ლიდერი
ფიქსირებული სიგრძის საკონტროლო ველი 01448nam a2200253Ia 4500
001 - საკონტროლო ნომერი
საკონტროლო ველი 23033
003 - საკონტროლო ნომრის იდენტიფიკატორი
საკონტროლო ველი GE_BSU
005 - ბოლო ოპერაციის თარიღი და დრო
საკონტროლო ველი 20230627173457.0
008 - ფიქსირებული სიგრძის მონაცემთა ელემენტები - ზოგადი ინფორმაცია
ფიქსირებული სიგრძის საკონტროლო ველი 181216s||||||||xx |||||||||||||| ||und||
020 ## - წიგნის საერთაშორისო სტანდარტული ნომერი
International Standard Book Number 99928-65-37-7
040 ## - კატალოგიზაციის წყარო
Transcribing agency GE_BSU
041 ## - ენის კოდი
Language code of text/sound track or separate title geo
080 ## - უნივერსალური ათობითი კლასიფიკაციის ინდექსი
Universal Decimal Classification number 821.14'01-394(075.8) დ-45
245 ## - ცნობა სათაურის შესახებ
Title დიდი ზეციური ღმერთები :
Remainder of title დამხმარე სახელმძღვ. /
Statement of responsibility, etc სერიის სარედ.კოლეგ. რისმაგ გორდეზაინი (მთ.რედ.), ლაშა ბერაია, ვალერი ასათიანი და სხვ. ; თხრობა და კომენტარები ნანა ტონიასი.
250 ## - გამოცემის ცნობა
Edition statement მე-2 შესწორებული გამოცემა
264 ## - წარმოების, გამოცემის, დისტრიბუციის და სხვა ცნობები
გამოცემის, წარმოების, დისტრიბუციის... ადგილი თბილისი :
გამოცემის, წარმოების, დისტრიბუციის... სახელწოდება ლოგოსი,
გამოცემის, წარმოების, დისტრიბუციის... თარიღი 1999.
300 ## - ფიზიკური აღწერა
Extent 168 გვ. ;
Dimensions 19 სმ.
490 ## - სერიის ცნობა
Series statement ბერძნული მითების სამყარო
653 ## - INDEX TERM--UNCONTROLLED
Uncontrolled term დიდი ზეციური ღმერთები
653 ## - INDEX TERM--UNCONTROLLED
Uncontrolled term ძველი ბერძნული მითოლოგია
710 ## - ADDED ENTRY--CORPORATE NAME
Corporate name or jurisdiction name as entry element თსუ
Subordinate unit კლასიკური ფილოლოგის, ბიზანტინისტიკსა და ნეოგრეცისტიკის ინსტიტუტი
9 (RLIN) 19019
942 ## - ADDED ENTRY ELEMENTS (KOHA)
Koha item type წიგნი
Source of classification or shelving scheme
ეგზემპლარები
ჩამოწერის სტატუსი დაკარგული ეგზემპლარის სტატუსი კლასიფიკაციის წყარო ან თაროზე გაწყობის სქემა დაზიანების სტატუსი არ გაიცემა მუდმივი მდებარეობა (დაცვის ადგილი) ამჟამინდელი ადგილსამყოფელი თაროზე განთავსების ადგილი შეძენის თარიღი ღირებულება, შესყიდვის ნორმალური ფასი სრული შენახვის შიფრი შტრიხკოდი ბოლო ოპერაციის თარიღი ეგზემპლარის მიმდევრობითი ნომერი (კეტერი?) ფასის ძალაში შესვლის თარიღი ეგზემპლარის სახეობა საჯარო შენიშვნა
          ბათუმის შოთა რუსთაველის სახელმწიფო უნივერსიტეტის მთავარი ბიბლიოთეკა ბათუმის შოთა რუსთაველის სახელმწიფო უნივერსიტეტის მთავარი ბიბლიოთეკა წიგნსაცავი 2018-12-17 5.00 821.14'01-394(075.8) დ-45 58454 2018-12-17 58454 2018-12-17 წიგნი 5.00 ₾.